000 00548nam a2200181Ia 4500
005 20250508162524.0
008 008 250505s9999 xx 000 0 eng d
037 _aTextual
040 _aFEDL
_beng
_cFEDL
041 _aeng
_2eng
084 _a291, JEV
_qFEDL
100 _aJevons F. B.
245 0 _aComparative religion : A study of man's attitude towards god in the religions of the world
260 _aDelhi, India
_bOrient Publications
_c1985
300 _avi,154p.
942 _cTEXL
_h291, JEV
999 _c1377073
_d1377073